000
00382nam a2200145Ia 4500
008
200619s9999 xx 000 0 und d
020
_a
9788187733430
082
_a
305.56DAS
100
_a
Bhagwan Das
245
0
_a
Untouchable Soldiers
264
_a
New Delhi
_b
Gautam Book Centre
_c
2008
300
_a
51
942
_c
IR
999
_c
119596
_d
119596